LEADER 01006nam a2200241 i 4500 001 000000172261 003 CaOOAMICUS 005 20080606000000.0 008 080606s1963 it u000 u ita u 013 $a149702 040 $aSeMil$bita 100 1 $aMuccioli, Maurizio.$0(OLS)http://semarc/name/64406 245 10$aSanta Caterina da Bologna :$bmistica del Quattrocento /$cMaurizio Muccioli. 260 $aBologna :$bNigrizia,$ccopyr. 1963. 300 $aXI, 255 p., [8] c. di tav. ;$c21 cm. 500 $aContiene : Bibliografia. - Fondo Card. Giovanni Colombo. 600 04$aCaterina : da Bologna .$0(OLS)http://semarc/subject/21948 850 $aSeMil 852 $aSeMil$W1$xVenegono$y1$m3H IV 360$j123123$B123123$CSeMilBibl$Z2$F138194 $81 941 1 $a3 961 $aLascito: Colombo Card. Giovanni 996 $6245$aSanta Caterina da Bologna :$bmistica del Quattrocento$9(OLS)http://semarc/title/246631 996 $6260$aBologna :$bNigrizia$9(OLS)http://semarc/publisher/31936 LEADER 01146nam a2200301 i 4500 001 000000157835 003 CaOOAMICUS 005 20070119000000.0 008 070119s1987 it u000 u ita u 013 $a135196 020 $a88-18-12056-5 040 $aSeMil$bita 100 1 $aLeft Handed.$0(OLS)http://semarc/name/92477 240 10$aSon of old man hat.$0(OLS)http://semarc/title/406250 245 13$aLa sapienza dei Navaho /$cFiglio di Vecchio Cappello ; A cura di Walter Dyk. 250 $a2. ed. 260 $aMilano :$bRusconi,$c1987. 300 $a396 p. ;$c22 cm. 500 $aFondo Card. Giovanni Colombo. 650 4$aIndiani d'America - Navaho.$0(OLS)http://semarc/subject/17233 700 1 $aDyk, Walter.$0(OLS)http://semarc/name/41935 850 $aSeMil 852 $aSeMil$W1$xVenegono$y1$m3R IV 21$j270983$B109512$CSeMilBibl$Z2$F119057 $81 941 1 $a3 961 $aLascito: Colombo Card. Giovanni 996 $6020$a88-18-12056-5$9(OLS)http://semarc/number/148246 996 $6245$aLa sapienza dei Navaho$9(OLS)http://semarc/title/231556 996 $6260$aMilano :$bRusconi$9(OLS)http://semarc/publisher/30258